Предпринимательское право: учебное пособие

Dettagli Bibliografici
Autore principale: Ананьева М. К. Марина Кабдрашевна
Altri autori: Малько Е. А. Елена Александровна, Потапенко Е. Г. Евгений Георгиевич
Riassunto:Издание содержит краткий курс по дисциплине "Предпринимательское право", тематику практических занятий, задачи, тестовые задания, список рекомендуемых источников, а также глоссарий. Законодательство приводится по состоянию на 1 сентября 2016 г. Для студентов всех форм обучения направления подготовки и специальности "Юриспруденция".
Lingua:russo
Pubblicazione: Москва, Проспект, 2020
Soggetti:
Natura: MixedMaterials Libro
KOHA link:https://koha.lib.tpu.ru/cgi-bin/koha/opac-detail.pl?biblionumber=344417

MARC

LEADER 00000nam0a2200000 4500
001 344417
005 20231102005648.0
010 |a 9785392242757 
035 |a (RuTPU)RU\TPU\book\375910 
090 |a 344417 
100 |a 20200225d2020 m y0rusy50 ca 
101 0 |a rus 
102 |a RU 
105 |a y j 001zy 
200 1 |a Предпринимательское право  |e учебное пособие  |f М. К. Ананьева, Е. А. Малько, Е. Г. Потапенко 
210 |a Москва  |c Проспект  |d 2020 
215 |a 192 с. 
320 |a Библиогр.: с. 166-171 
320 |a Глоссарий: с. 181-188 
330 |a Издание содержит краткий курс по дисциплине "Предпринимательское право", тематику практических занятий, задачи, тестовые задания, список рекомендуемых источников, а также глоссарий. Законодательство приводится по состоянию на 1 сентября 2016 г. Для студентов всех форм обучения направления подготовки и специальности "Юриспруденция". 
606 1 |a Предпринимательское право  |2 stltpush  |3 (RuTPU)RU\TPU\subj\51122  |9 69731 
610 1 |a право 
610 1 |a предпринимательство 
610 1 |a источники 
610 1 |a государственная регистрация 
610 1 |a юридические лица 
610 1 |a предприниматели 
610 1 |a лицензирование 
610 1 |a техническое регулирование 
610 1 |a Российская Федерация 
610 1 |a коммерческая тайна 
610 1 |a правовая охрана 
610 1 |a правовое регулирование 
610 1 |a банкротство 
610 1 |a несостоятельность 
610 1 |a защита 
610 1 |a монополистическая деятельность 
610 1 |a конкуренция 
610 1 |a рекламная деятельность 
610 1 |a аудиторская деятельность 
610 1 |a оценочная деятельность 
610 1 |a страховая деятельность 
610 1 |a государственный контроль 
610 1 |a муниципальный контроль 
610 1 |a практические занятия 
610 1 |a практикумы 
610 1 |a учебные пособия 
686 |a Х623я73  |v LBC/SL-A  |2 rubbk 
700 1 |a Ананьева  |b М. К.  |g Марина Кабдрашевна 
701 1 |a Малько  |b Е. А.  |g Елена Александровна 
701 1 |a Потапенко  |b Е. Г.  |g Евгений Георгиевич 
801 1 |a RU  |b 63413507  |c 20200225 
801 2 |a RU  |b 63413507  |c 20210329  |g RCR 
942 |c BK 
959 |a 5/20200221  |d 2  |e 180,00  |f УФ:2